| 000 | 00614nam a2200181Ia 4500 | ||
|---|---|---|---|
| 008 | 151202s9999||||xx |||||||||||||| ||und|| | ||
| 082 | _bPNVM-69275 | ||
| 100 | _aसाळुंखे आ.ह. | ||
| 245 | _aविद्रोही तुकाराम. | ||
| 260 | _b"लोकायत प्रकाशन,सातारा." | ||
| 260 | _c69275 | ||
| 300 | _a416 | ||
| 600 | _aसाळुंखे आ.ह. | ||
| 630 | _aविद्रोही तुकाराम. | ||
| 700 | _aसाळुंखे आ.ह. | ||
| 730 | _aविद्रोही तुकाराम. | ||
| 942 | _cBOOK | ||
| 999 |
_c1335785 _d1335782 |
||